000
00274nam a22001337a 4500
008
180927b xxu||||| |||| 00| 0 eng d
020
_a
24894
041
_a
eng
080
_a
610.73
100
_a
2
101
_a
INF
245
_a
Maternity Care
_c
Jensen
942
_2
udc
_c
BK
999
_c
48599
_d
48599